=LDR 00000nam 2200000 4500 =001 NUTBA000000000001529 =005 20240401080025 =035 ##$$a 0010-041400000000799 =008 240401###########################0###### =082 ##$$a 028.5 =090 ##$$a 028.5 $b dew m =100 ##$$a dewi, muthia kemalaa =245 1#$$a The Magic Karpet : $b Petualangan Heboh Bersama Karpet Ajaib /$c muthia kemalaa dewi =260 ##$$a Jakarta :$b 2011,$c mizan media utama =300 ##$$a 166 hlm : $b illus ; $c 20 cm =850 ##$$a NBPBMAT =020 ##$$a 978-989-066-507-1 =084 ##$$a 028.5 DEW t =250 ##$$a kecil-kecil punya karya =990 ##$$a 21195673/BPAP-NTB/2014